00420nam a2200157Ia 45000010006000000050017000060080041000230410008000640820019000721000028000912450082001192600009002013000036002106500008002466540008002542247520260414150834.0260414t2012||||xx |||||||||||||| ||spa|| aESP a621.38152bS22 aSánchez, EnriqueeAUT 0aIntroducción a los dispositivos y circuitos semiconductores de microondasb c2012 axxviii, 553 páginas :c25 cm. aTCA aCET